| 000 | 01195nam a2200229Ia 4500 | ||
|---|---|---|---|
| 001 | L240-12088 | ||
| 003 | IT-CnALBA | ||
| 008 | 170116s9999||||xx |||||||||||||| ||und|| | ||
| 040 |
_aIT-CnALBA _cIT-CnALBA |
||
| 041 | _aINGLESE | ||
| 100 | _aFULTON J. SHEEN, MONS. | ||
| 245 | 0 | _aLIFT UP YOUR HEART. | |
| 250 | _a1a ed. | ||
| 260 |
_a LONDON _bBLANDFORD PRESS LTD _c1951 [1° Ed.:1951 - Ed.Ling.Originale: 1951] |
||
| 300 | _a272 p. | ||
| 500 | _aEGO ED IO. TRE LIVELLI DELL'IMPEGNO DELL'UOMO. EGOISMO. PAURA DELLA CRESCITA. PIACERE. LIBERTINAGGIO. IMPATTO DI DIO. AUTOCONOSCENZA. CARATTERE. AUTODISCIPLINA. EMERGENZA DEL CARATTERE. IMPEGNO DELLA FEDE. GRAZIA. CAPACITÀ DI TRASCENDENZA. PREGHIERA E MED | ||
| 501 | _aSocietà San Paolo EM - Piazza San Paolo, 14 - 12051 ALBA (CN) (non commercial uses only) ® Copyright 2017 | ||
| 520 | _aEGO ED IO. TRE LIVELLI DELL'IMPEGNO DELL'UOMO. EGOISMO. PAURA DELLA CRESCITA. PIACERE. LIBERTINAGGIO. IMPATTO DI DIO. AUTOCONOSCENZA. CARATTERE. AUTODISCIPLINA. EMERGENZA DEL CARATTERE. IMPEGNO DELLA FEDE. GRAZIA. CAPACITÀ DI TRASCENDENZA. PREGHIERA E MED | ||
| 650 | _aTEOLOGIA SPIRITUALE CRISTIANA | ||
| 942 | _cBK | ||
| 957 | _71 | ||
| 999 |
_a16841 _bNO _g Copie: 1 _c271265 _d271265 |
||